| 000 | 00483pam a2200157 a 4500 | ||
|---|---|---|---|
| 020 |
_a9780824798604 _c |
||
| 041 | _aeng | ||
| 082 |
_a615.191 _bLEW |
||
| 100 | _aLewis, G A. | ||
| 245 |
_aPharmaceutical Experimental Design : Drugs and The Pharmaceutical Sciences Vol - 92 _hTextual Documents |
||
| 260 |
_aLondon _bInforma Healthcare _c1999 |
||
| 300 | _a498. | ||
| 653 | _aPharmaceutics(Manufacture & Preparation) | ||
| 700 |
_aMathieu, Didier. _aPhan-Tan-Luu, R. |
||
| 930 | _a2802 | ||
| 999 |
_c76081 _d76081 |
||